MARC

LEADER 00000nam0a2200000 4500
001 301753
005 20231102001431.0
020 |a RU  |b 83-48355 
035 |a (RuTPU)RU\TPU\book\326929 
090 |a 301753 
100 |a 20150813d1983 m y0rusy5003 ca 
101 0 |a rus 
102 |a BY 
105 |a a j 001zy 
200 1 |a Задачи и упражнения по радиоэлектронике  |e учебное пособие для начального профессионального образования  |f М. Н. Ляшко 
210 |a Минск  |c Вышэйшая школа  |d 1983 
215 |a 160 с.  |c ил. 
320 |a Библиогр.: с. 159 
606 1 |a Радиоэлектроника  |2 stltpush  |3 (RuTPU)RU\TPU\subj\69507  |9 84342 
610 1 |a задачи 
610 1 |a упражнения 
610 1 |a электровакуумные приборы 
610 1 |a газоразрядные приборы 
610 1 |a полупроводниковые приборы 
610 1 |a радиотехнические цепи 
610 1 |a усилители сигналов 
610 1 |a электропитание 
610 1 |a генераторы гармонических колебаний 
610 1 |a антенно-фидерные устройства 
610 1 |a импульсные устройства 
610 1 |a интегральные микросхемы 
610 1 |a учебные пособия 
675 |a 621.37/.39(076)  |z rus  |v 3 
700 1 |a Ляшко  |b М. Н.  |g Михаил Николаевич  |4 070 
801 0 |a RU  |b RuMRKP  |c 19950704  |g psbo 
801 1 |a RU  |b 63413507  |c 20150813 
801 2 |a RU  |b 63413507  |c 20190305  |g RCR 
942 |c BK